| 000 | 00556 a2200169 4500 | ||
|---|---|---|---|
| 020 | _a0849330270 (alk. paper) | ||
| 040 |
_aDLC _bDLC |
||
| 082 | 0 | 0 | _a005.8 |
| 100 | 1 | _aFung, K. T. | |
| 245 | 1 | 0 |
_aNetwork security technologies _cKwok T. Fung. |
| 250 | _a2nd ed. | ||
| 260 |
_aBoca Raton, FL : _bAuerbach Publications, _cc2005. |
||
| 300 |
_axx, 273 p. : _bill. ; _c25 cm. |
||
| 650 | 0 |
_aComputer networks _xSecurity measures. |
|
| 856 | 4 | 2 |
_3Publisher description _uhttp://www.loc.gov/catdir/enhancements/fy0647/2004046417-d.html |
| 942 |
_cBK _k005.8 FUN _2ddc |
||
| 999 |
_c6693 _d6693 |
||